Czy rozpoznasz modele Audi? - Statystyki

Ogólne statystyki
  • Ten quiz został rozwiązany 1 305 razy
  • Średni wynik to 15 z 23
Statystyki odpowiedzi
Obrazkowy Odpowiedź % Poprawnych
A3 8L
97%
A2
91%
A4 B5
89%
A5 8T
89%
A6 C5
88%
A7 4G8
87%
A8 D5
87%
TT 8N
87%
R8 4S
80%
A1 GB
78%
80 B4
67%
Q5 8R
66%
Q7 4M
65%
Q3 8Y
60%
Q5 80A
60%
Q8 4N
55%
Q2
54%
e-tron Quattro
45%
100 C1
34%
V8
25%
200
22%
50 GL
13%
Coupé
13%
Nie znaleziono quizów pasujących do podanych kryteriów
Rozkład punktacji
Procent ludzi z każdym wynikiem
Percentyl według liczby udzielonych odpowiedzi
Twoja historia wyników
Nie rozwiązałeś tego quizu